|
|
|
|
| LEADER |
00000nab a2200000ua 4500 |
| 001 |
vtls010845022 |
| 003 |
SK-MaSNL |
| 005 |
20260303135818.0 |
| 008 |
230218s1975 xo |||||||||||||||||slo| |
| 035 |
|
|
|a (urnnbn)urn:nbn:sk:snk:ar-a0741s
|
| 035 |
|
|
|a urn:nbn:sk:snk-ab66qs
|
| 035 |
|
|
|a (uuid)003199c0-3fd1-4a0f-9b48-5aa2972e4baf
|
| 040 |
|
|
|a SNKBUCL
|b slo
|c SNKBUCL
|e AACR2
|
| 041 |
0 |
|
|a slo
|
| 044 |
|
|
|a xo
|c SK
|
| 100 |
1 |
|
|a Jassingerová, E.
|4 aut
|9 1155697
|
| 245 |
1 |
0 |
|a AKO PREDKLADAŤ "PLATE TECTONICS"
|c E. Jassingerová, J. Štohl
|
| 700 |
1 |
|
|a Štohl, Ján,
|d 1932-1993
|4 aut
|9 38443
|
| 773 |
0 |
|
|t Geologické práce : správy
|g Roč. 63, č. 63 (1975), s. 233
|
| 954 |
|
|
|a odborná, vedecká literatúra pôvodná (slovenská)
|2 lita
|
| 958 |
|
|
|a OND
|
| 958 |
|
|
|a EUIPO
|
| 958 |
|
|
|a article5
|
| 999 |
|
|
|c 1968021
|d 1969951
|